| 000 | 00476nam a2200157Ia 4500 | ||
|---|---|---|---|
| 008 | 170221s9999 xx 000 0 und d | ||
| 100 | _aÖzgül Birsen | ||
| 245 | _aProgrammer or Moderator: Redefining the Listener on Interactive Broadcasting | ||
| 245 | _cÖzgül Birsen | ||
| 260 | _bOnline Journal of Communication and Media Technologies | ||
| 260 | _c2016 | ||
| 300 | _a6 : 2 | ||
| 650 | _xCommunication | ||
| 650 | _xMedia Arts | ||
| 856 | _uhttp://www.ojcmt.net/ | ||
| 999 |
_c306872 _d306872 |
||